New Zealand Immigration by Country - Statistics

General Stats
  • This quiz has been taken 34 times
  • The average score is 22 of 27
Answer Stats
# of People Country of Origin % Correct
86,322 Australia
97%
158,679 China
97%
142,920 India
94%
249,645 United Kingdom
94%
31,779 United States
94%
12,894 Canada
91%
7,569 Indonesia
91%
16,263 Germany
88%
99,264 Philippines
88%
31,689 South Korea
88%
10,647 Brazil
84%
68,829 Fiji
84%
12,723 Japan
84%
22,521 Malaysia
84%
8,532 Russia
84%
61,494 Samoa
84%
95,577 South Africa
84%
11,955 Thailand
81%
8,118 Cambodia
75%
10,308 Ireland
75%
10,899 Taiwan
75%
11,964 Vietnam
75%
17,484 Netherlands
72%
29,328 Tonga
69%
19,470 Sri Lanka
66%
7,566 Singapore
63%
9,045 Zimbabwe
28%
No matching quizzes found
Score Distribution
Percent of People with Each Score
Percentile by Number Answered
Your Score History
You have not taken this quiz